000 00386nmm a2200145Ia 4500
008 251105s9999||||xx |||||||||||||||||und||
041 _aspa
100 _aJordan, Dana
245 0 _aSublime tentación
264 _a[Madrid, España] :
_bEdiciones B,
_c2014
300 _a315 páginas
650 _aRomance
856 _uhttps://public.digitaliapublishing.com/a/53502
942 _cCF
999 _c105001
_d105001